La ley de convertibilidad (Registro nro. 1334)

Detalles MARC
000 -LEADER
fixed length control field 01803 a2200241 4500
001 - CONTROL NUMBER
control field 25227
005 - DATE AND TIME OF LATEST TRANSACTION
control field 20260407155536.0
008 - FIXED-LENGTH DATA ELEMENTS--GENERAL INFORMATION
fixed length control field 260407a1991 arg spa d
003 - CONTROL NUMBER IDENTIFIER
control field AR-UNSa-BCEJYS
040 ## - CATALOGING SOURCE
Original cataloging agency AR-UNSa-BCEJYS
Language of cataloging spa
Transcribing agency AR-UNSa-BCEJYS
080 ## - UNIVERSAL DECIMAL CLASSIFICATION NUMBER
Universal Decimal Classification number 336.74
Common auxiliary subdivision Moneda. Sistema monetario
020 ## - INTERNATIONAL STANDARD BOOK NUMBER
International Standard Book Number 950-20-0632-1
100 1# - MAIN ENTRY--PERSONAL NAME
Personal name Alegría, Héctor
245 10 - TITLE STATEMENT
Title La ley de convertibilidad
264 #1 - PRODUCTION, PUBLICATION, DISTRIBUTION, MANUFACTURE, AND COPYRIGHT NOTICE
Place of production, publication, distribution, manufacture Buenos Aires :
Name of producer, publisher, distributor, manufacturer Abeledo Perrot
Date of production, publication, distribution, manufacture, or copyright notice 1991
300 ## - PHYSICAL DESCRIPTION
Extent 365 p.
Dimensions 23 cm.
505 ## - FORMATTED CONTENTS NOTE
Formatted contents note Parte I : La Ley 23.928 : 1. Introducción - Parte II : El régimen jurídico del dinero : 2. Nociones introductorias - 3. Régimen jurídico del dinero en la república argentina hasta la sanción de la ley 23.928 - 4. Ley 23.928 incidencia en el régimen jurídico del dinero - Parte III : Las relaciones jurídicas ante la inflación.Introducción - 5. La ley 23.928 : Retorno al nominalismo legalmente impuesto - Parte IV : La contratación en moneda extranjera : 7. La moeda extranjera en la contratación privada hasta el 1-04-1991 - 8. Las obligaciones en moeda extranjera a partir de la ley 23.928 - Parte V : La capitalización de intereses : 9. Régimen del anatocismo antes y después de las Ley 23.928 - Parte VI : Efectos de la ley 23.928 en otras ramas del derecho : 10. Efectos de la ley 23.928 en los concursos - 11. Efectos de la ley 23.928 en el contrato de seguro - 12. Efectos de la Ley 23.928 sobre el derecho de sociedades - 13. Efectos de la convertibilidad sobre las operaciones financieras y títulos valores - 14. La desindexación de contratos administrativos - 15. Derogación de normas contradictorias.
590 ## - LOCAL NOTE (RLIN)
Local note niveau_biblio:m niveau_hierar:0
700 1# - ADDED ENTRY--PERSONAL NAME
Personal name Rivera, Julio César
700 1# - ADDED ENTRY--PERSONAL NAME
Personal name González Arzac, Rafael
700 1# - ADDED ENTRY--PERSONAL NAME
Personal name Hutchinson, Tomás A.
942 ## - ADDED ENTRY ELEMENTS (KOHA)
Koha item type
Existencias
Withdrawn status Lost status Damaged status Not for loan Home library Current library Shelving location Date acquired Total checkouts Full call number Barcode Date last seen Price effective from Koha item type
        Biblioteca Prof. Eusebio Cleto del Rey Biblioteca Prof. Eusebio Cleto del Rey   07/04/2026   336.74 A366 L58893 07/04/2026 07/04/2026 Libro